Rozpoznaj piosenki po fragmencie tekstu! cz.5 - Statystyki

Ogólne statystyki
  • Ten quiz został rozwiązany 340 razy
  • Średni wynik to 13 z 60
Statystyki odpowiedzi
NR Fragment piosenki Wykonawca/Zespół % Poprawnych
2.1 Żegnam was, już wiem Nie załatwię wszystkich pilnych spraw Idę sam, właśnie tam, gdzie czekają mnie Tam przyjaciół kilku mam od lat Dla nich zawsze śpiewam, dla nich gram Jeszcze raz żegnam was, nie spotkamy się Perfect
77%
18.2 Tytuł piosenki Makumba
75%
29.2 Tytuł piosenki Dzień dobry kocham Cię
52%
26.1 Połóż pistolet na stół I uprzedzenia wyrzuć w kąt Na całym świecie są faszyści, Którzy nienawidzą innych rąk Nie, nie, nie... Nie wszystkich możesz zabić To niemożliwe - uwierz mi Nie, nie, nie... Za dużo możesz stracić, Bo takie krótkie są nasze dni T.Love
46%
1.2 Tytuł piosenki W domach z betonu
45%
12.1 Robaczek w swej dziurce jak docent za biurkiem, I pszczółka na kwiatkach jak kontrol w tramwajach, Tak dłubie i gmera napisze, wymyśli, Obejdzie wokoło, zabrudzi, wyczyści, I krzaczek przy drodze i brat przy maszynie, Jak noga w skarpecie sprzedawca w kantynie, Kamyczek na polu i strażnik na straży, Lodówka wciąż ziębi, kuchenka wciąż parzy, Elektryczne gitary
42%
28.1 Nic nie przychodzi do głowy Samotny człowiek w środku dnia Zupełnie sam Na ulicy gwar Zgubione szczęście Nigdy nie wraca, choćbyś chciał Tyle w życiu się zmienia Zaufaj przeznaczeniu Wilki
40%
3.1 Aniołowie jeśli tylko są Kryją się w metalowych bunkrach Takie listy szybko drą Chcą mnie dziś, chcą mnie widzieć jutro Paru kumpli już tam jest Mówią, że krzyżyk piecze w usta Nauczeni nie bać się Tylko coś nie pozwala usnąć Lady Pank
39%
29.1 Bo chodzi o to, by od siebie nie upaść za daleko Jak te dwa łyse kamienie nad rzeką Chodzi o to, by pierwsze chciało słuchać Co mu to drugie powiedzieć chce do ucha Że po mej głowie, czasem się ich boję Chodzą słowa nie do powiedzenia Nie do powiedzenia (nie do powiedzenia) Chodzą słowa nie do powiedzenia Nie do powiedzenia Strachy na lachy
39%
16.2 Tytuł piosenki Lato
36%
26.2 Tytuł piosenki Nie nie nie
36%
12.2 Tytuł piosenki To już jest koniec
34%
13.1 Przez palce zwykłych dni Oglądasz świat W pośpiechu gubiąc sny Twój śmiech zawstydza Cię, Więc wolisz nie śmiać się Niż chwilę śmiesznym być Spróbuj choć raz odsłonić twarz I spojrzeć prosto w słońce Zachwycić się po prostu tak I wzruszyć jak najmocniej Nie bój się bać, gdy chcesz to płacz Idź szukać wiatru w polu Pocałuj noc, najwyższą z gwiazd Zapomnij się i... ...tańcz Varius Manx
32%
28.2 Tytuł piosenki Urke
31%
10.1 Gdy musisz wstać, choć tulisz tak pod głową obłoczek snu i słów tyle znasz uczonych cicho przez noc, a tu dzień wstaje już kolorowo - witaj! Zbigniew Wodecki
31%
11.2 Tytuł piosenki Nie pytaj o Polskę
30%
24.2 Tytuł piosenki Winna
30%
11.1 To nie karnawał, Ale tańczyć chcę I będę tańczył z nią po dzień. To nie zabawa, Ale bawię się Bezsenne noce senne dnie. To nie kochanka, Ale sypiam z nią Choć śmieją ze mnie się i drwią.Taka zmęczona I pijana wciąż Dlatego nie Nie pytaj więcej mnie. Obywatel GC
29%
10.2 Tytuł piosenki Zacznij od Bacha
28%
24.1 Winna. Ja to ta z obrazka. Ja to ta co krzyczy. Ta co ciągle sobie drwi. Ja znów kogoś gryzę. Ja kogoś obrażam. Niegrzeczna i grzeszna, tak. Bo kiedy tylko staję się Zbyt ludzka niż byś tego chciał, Wtedy oto widzisz, że Jesteś tak jak ja. Agnieszka Chylińska
27%
16.1 Rzecz między nami była cicha Westchnąłem do ciebie Tak jak się wzdycha I było nam ciasno, miło Dużo się spało i często piło No i czego, czego jeszcze chcesz? Lato Lato wszędzie Zwariowało oszalało moje serce Lato Lato wszędzie A Ty dziewczę zaraz wpadniesz w moje ręce Formacja Nieżywych Schabuff
26%
27.1 Zostań, to jeszcze nie pora Zostań, choć jeszcze na chwilę Aż zamigocą radośnie iskry W księżycowym pyle W tym hotelowym pokoju Zachwyćmy się sobą raz jeszcze Zanim odejdziesz do domu Niech zadrży srebrne powietrze Łzy
24%
13.2 Tytuł piosenki Pocałuj noc
24%
1.1 Obudziłam się później niż zwykle Wstałam z łóżka, w radiu była muzyka Najpierw zdjęłam koszulę, potem trochę tańczyłam I przez chwilę się czułam jak dziewczyny w "świerszczykach" W domach z betonu Nie ma wolnej miłości Są stosunki małżeńskie oraz akty nierządne Casanova tu u nas nie gości Martyna Jakubowicz
23%
22.1 Boisz się uwierzyć, że istnieje jeszcze taki ktoś, Kto powie, że pomoże, a nóż wepchnie ci, gdy nagle spuścisz wzrok Ja też tak mam i każdy ma... Już dosyć! Świat nie jest zły, lecz warto wiedzieć, że są łzy, Bo źli jesteśmy my! Już dosyć! Los zmienny jest, więc nie bądź katem, bo on mógł Być twoim bratem też... Virgin
23%
23.1 Zamknięta w sobie szukasz ucieczki Boisz się wyjść, boisz się chcieć Wiem jak jest trudno strach przezwyciężyć Na przekór życiu nadawać mu sens Wszystkim nam brakuje szczęścia Masz to na co godzisz się Każda droga jest łatwiejsza Gdy widzisz to, co dobre jest Kasia Kowalska
22%
20.2 Tytuł piosenki Malcziki
22%
25.1 Jaki piękny jest ten świat, Tylko czarne-białe To jest proste, widzę - wiem Już tu siedzę jakiś czas, Lubię dużo wiedzieć I nie wzrusza mnie już nic Ty widzisz we mnie coś, Nie ma ideału A miłość ślepa jest I chyba nie wiesz, że Telewizja kłamie Nie wszystko możesz mieć Myslovitz
21%
21.2 Tytuł piosenki Trudno tak
21%
19.2 Tytuł piosenki Nogi
20%
7.2 Tytuł piosenki Już nie ma dzikich plaż
18%
3.2 Tytuł piosenki Mała wojna
17%
27.2 Tytuł piosenki Oczy szeroko zamknięte
17%
20.1 Płomienne zorze budzą mnie ze snu Giełdowy ranek, informacji szum Z radiem na uszach i wartości swej W pełni świadomy, świadomy, że hej Moi koledzy ścigają ze mną się Bo do wyścigu każden gotów jest Moi koledzy z lepszych najlepsi Trzydzieste piętro w biurowcu szklanych drzwi Yugoton
15%
19.1 Nie chcę chodzić z tobą na spacer Nie chcę pisać wierszy na klatce Nie pójdziemy razem do kina Chociaż świetna z ciebie dziewczyna Nie chcę chodzić z tobą po górach Nie chcę pisać "love" na murach Nie zaproszę cię do mnie na wino Chociaż jesteś świetną dziewczyną Czarno-czarni
14%
22.2 Tytuł piosenki Znak pokoju
14%
21.1 ulice odbijają szary smutek nieba w sercu czuję chłód samotnej nocy zapach czarnej kawy filiżanki ciepło jak przystań gdy wokół burzy się szaleństwo zasłonięte okna cieniste podwórza tych cichych dramatów sceny niezliczone gdy sił mi brak śnię o słonecznych czasach tych wspólnie z tobą spędzonych Krzysztof Krawczyk i Edyta Bartosiewicz
13%
30.2 Tytuł piosenki Siłacz
13%
17.1 W kolorowej sukieneczce krząta się Raz po raz odwraca głowę Uśmiech śle Mógłbyś przysiąc że Widziałeś wczoraj skrzydła jej Jak je chowała pod sukienką Lecz ona To nie ptak czy nie widzisz? To nie jest ptak Ona to nie ptak To nie jest ptak czy nie widzisz? Kayah
12%
23.2 Tytuł piosenki To co dobre
12%
17.2 Tytuł piosenki To nie ptak
9%
4.1 To jest twój azymut i kres twej drogi Twoje piekło, cały twój słodki raj To do niej tak płyniesz Aż na życia skraj Lorelei Dopłyniesz i zginiesz W Lorelei Lorelei To ona, wciąż ona Tylko jedna naj Lorelei Przeklęta, szalona. . . Lorelei Kapitan Nemo
8%
5.1 Bo ja przez Ciebie zginę Bo ja przez Ciebie nawet nie wiem jak żyć Sto lat niech chociaż minie Nim spotkam Cię znów Proszę Cię... zostaw już. Wiem, że grałem nie fair Głupie kłamstwa, czasem flirt Nie wiedziałem, że wiesz ... Przecież mogłaś pogadać A tu tylko list... Universe
8%
14.1 Wszystkie mosty, które między nami rozwiesiła noc, Kruszą się jak szkło, w świetle dnia. I coraz dalszy jesteś mi i znów nie znam Cię Więc kim był ten człowiek, z którym dzieliłam swój sen. A w mojej głowie wojna, myśli niespokojnych.. Anita Lipnicka
6%
9.2 Tytuł piosenki Modlitwa
6%
2.2 Tytuł piosenki Nie płacz Efka
6%
25.2 Tytuł piosenki Sprzedawcy marzeń
6%
6.1 Właściwie nic nie stało się, mała śmieszna rzecz Moje ja, najbliższe mi Niejasne coś, co w każdym tkwi Z lat, gdy słowo "przyjaźń" miało jeszcze treść i sens Kiedy miłość była prostym drgnieniem serc Dwa plus jeden
5%
4.2 Tytuł piosenki Twoja Lorelei
5%
18.1 Mój ojciec - Makumba - być królem wioski Ja mieszkać w Afryka, przyjechać do Polski Żeby studiować w waszym pięknym kraju Skinheadzi mi tu jednak żyć nie dają Ja uczyć się ciężko waszego języka I dostać raz w zęby, gdy iść po ulicach Polacy rasiści - każdy to powie I nikt tu nie lubić czarny człowiek Bic Cyc
4%
15.1 Skąd ten nagły trzask, po co słowa które umacniały w nas? No dobrze, jest jeszcze ktoś; i tak w to nie wierzysz Wiem, że ze mnie drań, za innymi dziewczynami wciąż uganiam się Pytasz czy to ma sens i odwracasz głowę Stachursky
4%
9.1 Do Ciebie pieśnią wołam Panie, do Ciebie dzisiaj krzyczę w głos. Ty jesteś wszędzie, wszystkim jesteś dziś, lecz kamieniem nie bądź mi. Do Ciebie pieśnią wołam Panie, bo ponoć wszystko możesz dać, więc błagam daj mi szansę jeszcze raz, daj mi ją ostatni raz. Tadeusz Nalepa
4%
5.2 Tytuł piosenki Tyle chciałem Ci dać
4%
6.2 Tytuł piosenki Requiem
3%
30.1 Spójrz, wystawy śmieją się z nas, A Ty wybrałaś znów właśnie mnie, Bo wiesz, że gdy zimno, ubiorę I do siebie wezmę Cię. I niech noc przykryje nas, Jak końca świata świat, W obawie przed świtaniem. Niczym król Karol kupię Ci Korale planet i W nich samych przy mnie staniesz. Maciej Rozynek
2%
7.1 Puste plaże Juraty, zasnęły kosze już Tylko facet zawiany, podpiera nosem słup Szarą płachtę gazety, unosi w górę wiatr Dzisiaj nikt nie odczyta, co nam donosił świat Irena Sator
1%
14.2 Tytuł piosenki Mosty
1%
15.2 Tytuł piosenki Czekam na taką jak ty
0%
8.1 Jak zwiać od szarości dni Jak się odczepić od codziennych spraw Każdy pyta o to Jak mieć kilka dobrych chwil Gdy każda bez przerwy ucieka nam Jak tu być wciąż sobą Fatum
0%
8.2 Tytuł piosenki Mania szybkości
0%
Nie znaleziono quizów pasujących do podanych kryteriów
Rozkład punktacji
Procent ludzi z każdym wynikiem
Percentyl według liczby udzielonych odpowiedzi
Twoja historia wyników
Nie rozwiązałeś tego quizu